000 00376 a2200169 4500
001 73205
020 _a8526243292
040 _cAnchieta - Colégio São Paulo
100 _aVicentino, Claúdio
240 1 0 _aViver a história
_lpor
245 1 0 _aViver a história
300 _a296
362 0 _a2003
440 1 _aScipione
650 4 _aHistória do mundo
942 _cBK
999 _c73205
_d73205